00399nam a22001457a 4500003000500000038001100005082001800016100002600034245004200060260004500102300001300147500001600160880004500176880003200221NUST awaseem a891.4911bSYE aSyed Sharafat Noshahi aGanj shareef /cSyed Sharafat Noshahi aGujjrat :bIdara marf e noshahia,c1980. a624 p. ; aPapercover. 6100-01\raسید شرافت نوشاہی 6245-02\raگنج شریف /